000 00759nam a2200253Ia 4500
003 OSt
005 20220927110351.0
006 a|||||r|||| 00| 0
007 ta
008 220926b |||||||| |||| 00| 0 eng d
024 _a59290
037 _cReports
040 _aRTL
_cRTL
_beng
041 _2eng
_aeng
082 _a"X62:1.2.N68t, K9/GD"
110 _a"India, National Credit Council Organization"
_9376816
245 0 _aReport of a study group of the national credit council
260 _aNew
_bYork RBI
_c1969
300 _a456p
_ccm.
650 _aBank
_9376817
700 _a"India, National Credit Council Organization"
_9376818
942 _h"X62:1.2.N68t, K9/GD"
_cCC
999 _c695877
_d695877